00737nam a22001937a 4500008004100000020002900041050001300070100002000083245008400103250001700187260004800204300002400252505007900276650002600355700002300381942001200404999001300416952011400429110830t xxu||||| |||| 00| 0 eng d a0310260108 9780310260103 aBS490.H4 a Henry, Matthew aMatthew Henry's commentary in one volume : Genesis to RevelationcMatthew Henry aone vol. ed  aGrand RapidsbZondervan Pub. Housec©1961. aix, 1986 p. c25 cm aContents: The Books of the old testament -- The Books of the new testament aBible -- Commentaries a Church, Leslie F. 2lcccBK c45d7545 00102lcc4070aWIUC-1bWIUC-1cGENd2011-08-30l0oBS490.H4p107/11r2011-08-30 00:00:00t1w2011-08-30yBK